| 000 | 00616nam a2200169Ia 4500 | ||
|---|---|---|---|
| 008 | 090201s9999 xx 000 0 und d | ||
| 010 | _aKPL-33358 | ||
| 040 | _bमराठी | ||
| 041 | _aमराठी | ||
| 082 |
_a41805 _b33358 |
||
| 100 | _aराम कोलारकर | ||
| 245 |
_aसर्वोत्कृष्ट मराठी कथा भाग 14 _cराम कोलारकर |
||
| 260 |
_c2004 _bसौ. छाया कोलारकर |
||
| 300 |
_a214 _bमोठा |
||
| 600 | _aसर्वोत्कृष्ट मराठी कथा भाग 14 | ||
| 942 | _cBOOK | ||
| 999 |
_c238986 _d238986 |
||